Premier League Logos Quiz - Statistics

General Stats
  • This quiz has been taken 7,451 times
    6,705 since last reset
  • The average score is 17 of 20
Answer Stats
Picture Answer % Correct
Liverpool
99%
Arsenal
98%
Chelsea
98%
Manchester United
98%
Manchester City
97%
Tottenham Hotspur
97%
Nottingham Forest
89%
West Ham
89%
Wolves
85%
Everton
84%
Brighton
83%
Fulham
83%
Newcastle United
83%
Leicester City
82%
Aston Villa
80%
Crystal Palace
79%
Southampton
79%
Leeds United
78%
Brentford
77%
AFC Bournemouth
72%
No matching quizzes found
Score Distribution
Percent of People with Each Score
Percentile by Number Answered
Your Score History
You have not taken this quiz since the last reset